| 000 | 00802cam a2200265 4500 | ||
|---|---|---|---|
| 001 | J116817 | ||
| 008 | 020222n1938 000 0 eng u | ||
| 035 | _a(Sirsi) u116817 | ||
| 050 | _a692.209421 | ||
| 110 |
_aLondon County Council _91711 |
||
| 245 | _aFire protection for structural steelwork. Applications for modifications or waivers | ||
| 260 |
_aLondon _bLCC _c1938 |
||
| 300 |
_a5p. _c33cm. |
||
| 350 | _a2d. | ||
| 490 | _v3401 | ||
| 650 |
_aBUILDING REGULATIONS _96224 |
||
| 650 | _aFIRE PROTECTION | ||
| 650 | _aLONDON BUILDING ACT (AMENDMENT) ACT 1935 S9(2) | ||
| 650 | _aLONDON BUILDING ACTS | ||
| 650 | _aLONDON BUILDING BY-LAW 68 | ||
| 650 | _aLONDON BUILDING BY-LAW 91 | ||
| 650 | _aSTRUCTURAL STEELWORK | ||
| 690 | _aBUILT ENVIRONMENT-BUILDING STANDARDS | ||
| 942 | _n0 | ||
| 999 |
_c101903 _d101903 |
||